000 00563nam a2200181Ia 4500
008 090124s9999 xx 000 0 und d
082 _b35571
100 _aगरुड विवेक
245 _a विरुपाचे रुप
250 _a1
260 _bकॉन्टिनेन्टल प्रकाशन
_c1998
300 _a100
600 _aगरुड विवेक
630 _a विरुपाचे रुप
700 _aगरुड विवेक
730 _a विरुपाचे रुप
942 _cBOOK
999 _c101575
_d101575